000 01117cam a2200313 i 4500
001 768714001
003 CO-MdFUSB
005 20250527155052.0
007 ta
008 250527t1987 -us||||| |||| 00| 0 eng d
020 _a0-87509-314-0
040 _cCO-MdFUSB
041 0 _aeng
082 0 4 _223
_a248.4
_bS613b
100 1 _aBailey, Keith M.
_eautor
245 1 0 _aThe best of A.B. Simpson
_c/ compilado por Keith M. Bailey
264 1 _aCamp Hill :
_bChristian publications,
_c[1987]
264 4 _c©1987
300 _a166 páginas
336 _atexto
_btxt
_2rdacontent
337 _2rdamedia
_asin mediación
_bn
338 _2rdacarrier
_avolumen
_bnc
505 _aCristo, nuestro Salvador -- Lleno del Espíritu -- Completamente santificado -- Lo que dice la Biblia acerca de la sanidad -- Pablo y la sanidad divina -- La llegada del Rey -- La iglesia en el cielo -- La lógica de misiones -- El modelo de oración -- La disciplina de la fe -- La justicia de Dios
563 _aRústico
650 0 _aVida cristiana
_919
942 _cBK
945 _aMiguel Gómez
999 _c44288
_d44288